[Event "Nigran op 13th"]
[Site "Nigran"]
[Date "1999.??.??"]
[Round "8"]
[White "Gonzalez Diaz, Diego"]
[Black "Conde Abuin, Manuel"]
[Result "0-1"]
[WhiteElo "2220"]
[BlackElo "2150"]

1.e4 e6 2.d4 d5 3.Nc3 Bb4 4.e5 Ne7 5.a3 Bxc3+ 6.bxc3 c5 7.Nf3 Nbc6 8.Bd3 Qa5
9.Qd2 Bd7 10.O-O c4 11.Be2 f6 12.a4 O-O-O 13.Ba3 Be8 14.Rfe1 Nf5 15.Bf1 Bf7
16.Reb1 Bh5 17.Rb5 Qc7 18.exf6 gxf6 19.Rab1 Bxf3 20.gxf3 Rhg8+ 21.Kh1 Qg7
22.Bh3 Rd7 23.Qe2 Nd8 24.Qf1 Qg6 25.Bc1 Rdg7 26.Bf4 Qh5 27.Bg4 Rxg4 28.fxg4 Qxg4
29.Rc5+ Nc6 30.Rxc6+ bxc6 31.Rb8+ Kd7 32.Rxg8 Qxg8 33.Qb1 Qc8 34.a5 Ke7 35.Qb4+ Kf7
36.Bb8 a6 37.Bf4 Ne7 38.Qb6 c5 39.Bd6 cxd4 40.Qa7 Qd8 41.Bb4 dxc3 42.Qxa6 d4
43.Qxc4 Qd5+ 44.Qxd5 Nxd5 45.Bc5 e5 46.a6 Nc7 47.a7 Ke6 48.Kg2 Kd5 49.Be7 f5
50.Kf3 Kc4 51.Ke2 e4 52.Bg5 Kc5 53.Be7+ Kd5 54.f3 Kc4 55.fxe4 fxe4 56.Ba3 Na8
57.Bc1 d3+ 58.cxd3+ exd3+ 59.Kd1 Kb3 60.Bh6 Kb2 61.Bg7 Nb6 62.Bd4 Na8 63.h4 Kb3
64.Kc1 d2+ 65.Kd1 Kc4 66.Be3 Kd3 67.Bxd2 cxd2 68.h5 Ke3  0-1

[Event "GER-ch U16 Girls"]
[Site "Oberhof"]
[Date "1999.??.??"]
[Round "?"]
[White "Schulte, Stefanie"]
[Black "Umpfenbach, Carolina"]
[Result "1-0"]
[WhiteElo "1685"]
[BlackElo "2035"]

1.e4 e6 2.d4 d5 3.Nc3 Bb4 4.e5 Ne7 5.Bd3 c5 6.a3 Bxc3+ 7.bxc3 Nbc6 8.Qg4 Qa5
9.Bd2 Qb6 10.dxc5 Qxc5 11.Nf3 Ng6 12.O-O Bd7 13.Rfb1 b6 14.a4 Qe7 15.Ba6 O-O
16.Qg3 Be8 17.Bc1 Qc7 18.Ba3 Nce7 19.h4 Bc6 20.h5 Nf5 21.Qh2 Nge7 22.g4 Nh6
23.Qh4 Rfe8 24.Nd4 Nc8 25.Nxc6 Qxc6 26.Bb5 Qxc3 27.Bxe8 f6 28.Bb2 Qf3 29.exf6 Nd6
30.Bd7 gxf6 31.Bxe6+ Nhf7 32.Qxf6 Qxf6 33.Bxf6 Ne4 34.Bxd5 Re8 35.Bb2  1-0

[Event "GER-ch U14"]
[Site "Oberhof"]
[Date "1999.??.??"]
[Round "?"]
[White "Kotlyar, Dimitri"]
[Black "Seifert, Volker"]
[Result "1/2-1/2"]
[WhiteElo "1865"]
[BlackElo "2135"]

1.e4 e6 2.d4 d5 3.Nc3 Bb4 4.e5 Ne7 5.a3 Bxc3+ 6.bxc3 c5 7.Qg4 Qc7 8.Bd3 c4
9.Be2 Nf5 10.Qh3 Nc6 11.Nf3 Bd7 12.O-O O-O-O 13.a4 f6 14.g4 Nfe7 15.Qg3 Ng6
16.exf6 gxf6 17.Qxc7+ Kxc7 18.Bh6 Rhg8 19.Kg2 e5 20.h3 f5 21.Nxe5 Ngxe5 22.Bf4 fxg4
23.h4 Rdf8 24.Bg3 Kc8 25.dxe5 Re8 26.f4 gxf3+ 27.Bxf3 Rxe5 28.Rae1 d4 29.Kh2 Rxe1
30.Rxe1 dxc3 31.Re4 Na5 32.Re5 b6 33.Re7 Rf8 34.Kg2 h6 35.Rh7 Nb3 36.Bd5 Nd2
37.Be5 Nf1 38.Bf3 Ne3+ 39.Kg3 Nxc2 40.Bxc3 Ne3 41.h5 Nf1+ 42.Kg2 Ne3+ 43.Kg3 Nf5+
44.Kh2 Nd6 45.Kg3 Re8 46.Kf4 Rf8+ 47.Kg3 Nf5+ 48.Kh2 Re8 49.Bg4 Re4  1/2-1/2

[Event "GER-ch U16 Girls"]
[Site "Oberhof"]
[Date "1999.??.??"]
[Round "?"]
[White "Helm, Leonie"]
[Black "Lange, Corinna"]
[Result "1-0"]
[WhiteElo "1980"]
[BlackElo "1785"]

1.e4 e6 2.d4 d5 3.Nc3 Bb4 4.e5 Ne7 5.a3 Bxc3+ 6.bxc3 c5 7.Qg4 O-O 8.Bd3 f5
9.Qg3 Nbc6 10.Nf3 Qb6 11.Qh4 Ng6 12.Qh5 cxd4 13.cxd4 Nce7 14.O-O Bd7 15.a4 Rfc8
16.Bg5 Be8 17.Qh3 Nc6 18.Rfb1 Qc7 19.Bd2 h6 20.g4 fxg4 21.Qxg4 Qf7 22.Kh1 Kf8
23.Rg1 Nge7 24.Nh4 Qg8 25.Bxh6 gxh6 26.Qf4+ Qf7 27.Qxh6+  1-0

[Event "ITA-ch sf"]
[Site "Saint Vincent"]
[Date "1999.??.??"]
[Round "8"]
[White "Martorelli, Antonio"]
[Black "Fabiano, Giuseppe"]
[Result "0-1"]
[WhiteElo "2346"]
[BlackElo "2282"]

1.e4 e6 2.d4 d5 3.Nc3 Bb4 4.e5 Qd7 5.a3 Bf8 6.Nge2 Ne7 7.Nf4 b6 8.a4 Nbc6
9.g4 Ng6 10.Nh5 Bb7 11.Bg5 h6 12.Bf6 Rg8 13.Be2 Nge7 14.f4 O-O-O 15.Bh4 Kb8
16.O-O Nxd4 17.Qxd4 Nf5 18.gxf5 Bc5 19.Qxc5 bxc5 20.Bxd8 Qxd8 21.fxe6 fxe6
22.Bf3 Qh4 23.Ne2 Rd8 24.Neg3 g6 25.Nf6 Qxf4 26.Rae1 Qxa4 27.Bg4 Qc6 28.Rf2 h5
29.Bf3 Qa4 30.Bg2 Qh4 31.b3 Qg5 32.Kh1 h4 33.Nf1 h3 34.Bxh3 Qh4 35.Kg1 Qxh3
36.Re3 Qh4 37.Nd2 Kc8 38.Rg3 Qd4 39.Nf3 Qe3 40.Rxg6 d4 41.Ng4 Qc1+ 42.Kg2 Be4
43.Rg7 Qf4 44.h3 Rf8 45.Nh2 Qxe5 46.Rg4 Bd5 47.Kf1 Qe3 48.Rg3 e5 49.Re2 Qc1+
50.Kg2 e4 51.Ng1 e3+ 52.Nhf3 Qd1  0-1

[Event "Staufer-Open 11th"]
[Site "Schwaebisch Gmuend"]
[Date "1999.??.??"]
[Round "7"]
[White "Ruprich, Frank"]
[Black "Beutel, Jens"]
[Result "1-0"]
[WhiteElo "1943"]
[BlackElo "2140"]

1.e4 e6 2.d4 d5 3.Nc3 Bb4 4.e5 b6 5.a3 Bxc3+ 6.bxc3 Ne7 7.Nf3 O-O 8.Bd3 Ba6
9.Bxh7+ Kxh7 10.Ng5+ Kg6 11.h4 Qd7 12.Qg4 Nf5 13.Nxe6+  1-0

[Event "Sportland-NRW-Cup"]
[Site "Senden"]
[Date "1999.??.??"]
[Round "5"]
[White "Kupreichik, Viktor D"]
[Black "Dgebuadze, Alexandre"]
[Result "1/2-1/2"]
[WhiteElo "2425"]
[BlackElo "2510"]

1.e4 e6 2.d4 d5 3.Nc3 Bb4 4.e5 Ne7 5.Bd2 b6 6.h4 Nf5 7.Bd3 Ba6 8.Bxf5 exf5
9.Qf3 Nc6 10.O-O-O Nxd4 11.Qg3 Qd7 12.Qxg7 O-O-O 13.Qh6 Ne6 14.Nce2 Bxd2+
15.Qxd2 Rhg8 16.Nh3 Qa4 17.a3 Bxe2 18.Qxe2 Qxh4 19.g3 Qe4 20.Qxe4 dxe4  1/2-1/2

[Event "Villa de Sitges 35th"]
[Site "Sitges"]
[Date "1999.??.??"]
[Round "4"]
[White "Mitkov, Nikola"]
[Black "Bukal, Vladimir Jr"]
[Result "1-0"]
[WhiteElo "2505"]
[BlackElo "2390"]

1.e4 e6 2.d4 d5 3.Nc3 Bb4 4.e5 Ne7 5.Bd2 c5 6.Nb5 Bxd2+ 7.Qxd2 O-O 8.Nf3 cxd4
9.Bd3 Nbc6 10.O-O Ng6 11.Rfe1 Bd7 12.Nbxd4 a6 13.c3 Na5 14.g3 Nc4 15.Qe2 Rc8
16.b3 Na5 17.Rac1 Nc6 18.h4 Nxd4 19.Nxd4 Ne7 20.Nf3 Nf5 21.Red1 Qe7  1-0

[Event "Sulzfeld op 10th"]
[Site "Sulzfeld"]
[Date "1999.??.??"]
[Round "2"]
[White "Striebich, Rudolf"]
[Black "Becker, Wolfgang"]
[Result "1-0"]
[WhiteElo "2230"]
[BlackElo "1860"]

1.e4 e6 2.d4 d5 3.Nc3 Bb4 4.e5 Ne7 5.f4 c5 6.Nf3 Nbc6 7.a3 Bxc3+ 8.bxc3 Qa5
9.Bd2 c4 10.a4 Bd7 11.Qb1 Rb8 12.Qb5 O-O 13.Be2 a6 14.Qxa5 Nxa5 15.Bc1 b5
16.Ba3 Rfe8 17.Bd6 Rb7 18.axb5 Rxb5 19.Kd2 Nec6 20.Ra2 Ra8 21.Rha1 Ra7 22.Bd1 h6
23.Bc5 Ra8 24.Bb4 Nxb4 25.cxb4 Nc6 26.c3 Rb6 27.Ba4 Nb8 28.Bxd7 Nxd7 29.Ra5 Kh7
30.Ne1 g5 31.g3 gxf4 32.gxf4 Nf8 33.b5 Ng6 34.Rxa6 Rab8 35.R1a2 Kg7 36.Ra7 Rxb5
37.f5 Nh8 38.fxe6 R5b7  1-0

[Event "SVK-chT 9899"]
[Site "SVK"]
[Date "1999.??.??"]
[Round "9"]
[White "Palkovi, Jozsef"]
[Black "Komora, Andrej"]
[Result "1/2-1/2"]
[WhiteElo "2450"]
[BlackElo "2230"]

1.e4 e6 2.d4 d5 3.Nc3 Bb4 4.e5 Ne7 5.a3 Bxc3+ 6.bxc3 c5 7.h4 Bd7 8.h5 h6
9.Nf3 Ba4 10.Rb1 Qc7 11.Bd3 Nd7 12.O-O O-O-O 13.Re1 Nc6 14.Be3 c4 15.Bf1 f5
16.exf6 Nxf6 17.Ne5 Nxe5 18.Bf4 Bxc2 19.Qxc2 Nf3+ 20.gxf3 Qxf4 21.Qa4 Qc7
22.Qxa7 Rd6 23.Bh3 Re8 24.Qa8+ Qb8 25.Qa4 Re7 26.Rb5 Ra6 27.Qb4 Kd8 28.Re5 Qd6
29.Qb1 Qxa3 30.Qe1 Qd6 31.Rb2 Qd7 32.Rbe2 Qe8 33.Bxe6 Rexe6 34.Rxe6 Qxh5
35.Rxa6 bxa6 36.Qa1 Qxf3 37.Qa5+ Kd7 38.Qa4+ Kd8 39.Re3 Qf5 40.Qxa6 Qb1+
41.Kg2 Qg6+ 42.Rg3 Qe4+ 43.Kf1 Qb1+ 44.Ke2 Qc2+ 45.Ke1 Qc1+ 46.Ke2 Qc2+ 47.Ke1 Qc1+  1/2-1/2

[Event "SWE-chT 9899"]
[Site "Sweden"]
[Date "1999.??.??"]
[Round "8"]
[White "Couso, Luis"]
[Black "Akvist, Hakan"]
[Result "1-0"]
[WhiteElo "2423"]
[BlackElo "2115"]

1.e4 e6 2.d4 d5 3.Nc3 Bb4 4.e5 Ne7 5.Bd2 Nf5 6.Bd3 Nc6 7.Nf3 Ba5 8.Ne2 Nb4
9.Bxf5 exf5 10.Nf4 O-O 11.O-O Nc6 12.c3 Be6 13.b4 Bb6 14.Ng5 Qd7 15.Re1 h6
16.Ngh3 Ne7 17.Nh5 Kh8 18.Bxh6 gxh6 19.Nf6 Qc6 20.Qh5 Kg7 21.Re3 Rh8 22.Rg3+ Kf8
23.a4 a6 24.a5 Ba7 25.Nf4 Ng8 26.Ng6+ fxg6 27.Qxg6 Nxf6 28.Qxf6+ Bf7 29.Qxh8+ Ke7
30.Qxa8 f4 31.Rf3 Bh5 32.Rxf4 Qxc3 33.Qf8+ Kd7 34.Rf1 Be2 35.Rf7+  1-0

[Event "SWE-chT 9899"]
[Site "Sweden"]
[Date "1999.??.??"]
[Round "10"]
[White "Thornert, Hakan"]
[Black "Renman, Nils Gustaf"]
[Result "0-1"]
[WhiteElo "2257"]
[BlackElo "2376"]

1.e4 e6 2.d4 d5 3.Nc3 Bb4 4.e5 b6 5.Qg4 Bf8 6.Bd2 Ne7 7.f4 Nf5 8.Nf3 Ba6
9.Qh3 h5 10.g4 Bxf1 11.Rxf1 hxg4 12.Qxh8 gxf3 13.O-O-O Nc6 14.Rxf3 Ncxd4
15.Rd3 Qe7 16.Be3 Nc6 17.Bf2 O-O-O 18.a3 Qxa3 19.Qh3 Qa1+ 20.Nb1 Qa4 21.Qf3 g6
22.Nc3 Qa1+ 23.Nb1 Na5 24.Rc3 Bb4 25.Rcd3 Nc4 26.Rb3 Bd2+ 27.Rxd2 Qxb1+ 28.Kxb1 Nxd2+
29.Kc1 Nxf3 30.Rxf3 Rh8 31.Bg3 c5 32.Kd2 Kb7 33.Ra3 a5 34.Rf3 Kc6 35.Rf1 a4
36.Ke2 b5 37.c3 Nxg3+ 38.hxg3 Rh2+  0-1

[Event "SWZ-chT"]
[Site "SWZ"]
[Date "1999.??.??"]
[Round "3"]
[White "Bucher, Denis"]
[Black "Huss, Andreas"]
[Result "1-0"]
[WhiteElo "2249"]
[BlackElo "2380"]

1.e4 e6 2.d4 d5 3.Nc3 Bb4 4.e5 Qd7 5.a3 Bxc3+ 6.bxc3 b6 7.Qg4 f5 8.Qg3 Nc6
9.a4 Bb7 10.Ba3 Na5 11.Bb4 Nc4 12.a5 Qf7 13.Ne2 Ne7 14.Nf4 Ng6 15.Nh3 f4
16.Qg4 c5 17.dxc5 bxa5 18.Bxc4 dxc4 19.c6 Bxc6 20.Rxa5 Be4 21.Ng5 Qf5 22.Qxf5 Bxf5
23.O-O h6 24.Nf3 Kf7 25.Nd4 Rhd8 26.Rfa1 Rd7 27.Bd6 Ne7 28.Rc5 Be4 29.Rxc4 Rc8
30.Rca4 Nd5 31.Rxa7 Rxa7 32.Rxa7+ Kg6 33.Nxe6 Rxc3 34.Rxg7+ Kf5 35.Nd4+  1-0

[Event "SWZ-chT"]
[Site "SWZ"]
[Date "1999.??.??"]
[Round "7"]
[White "Fierz, Martin"]
[Black "Kelecevic, Nedeljko"]
[Result "0-1"]
[WhiteElo "2194"]
[BlackElo "2425"]

1.e4 e6 2.d4 d5 3.Nc3 Bb4 4.e5 Ne7 5.a3 Bxc3+ 6.bxc3 b6 7.a4 Ba6 8.Bb5+ Bxb5
9.axb5 c6 10.bxc6 Nbxc6 11.Ba3 Na5 12.Ne2 Nc4 13.O-O Nc6 14.Qd3 Nxa3 15.Rxa3 Na5
16.f4 g6 17.Raa1 Nc4 18.Ng3 Qc7 19.Rae1 O-O-O 20.Ra1 Kb8 21.Ne2 Qe7 22.Kh1 Rd7
23.Rf3 h5 24.Rh3 Rc8 25.f5 exf5 26.Nf4 Qg5 27.Rf3 h4 28.Re1 Rc6 29.Rff1 Qd8
30.Re2 a5 31.Rfe1 Ka7 32.e6 fxe6 33.Nxg6 Qg5 34.Ne5 Nxe5 35.Rxe5 Rdc7 36.h3 Rxc3
37.Qb5 Rxc2  0-1

[Event "Tampere We HervS I"]
[Site "Tampere"]
[Date "1999.??.??"]
[Round "1"]
[White "Hautala, Roman"]
[Black "Tolonen, Leo Toivovich"]
[Result "0-1"]
[WhiteElo "2201"]
[BlackElo "2329"]

1.e4 e6 2.d4 d5 3.Nc3 Bb4 4.e5 Qd7 5.Qg4 f6 6.f4 b6 7.Bd2 Bxc3 8.Bxc3 Nh6
9.Qh5+ Qf7 10.Qh3 fxe5 11.fxe5 O-O 12.O-O-O c5 13.Nf3 Qf5 14.Qh4 Ba6 15.Ng5 Qg6
16.Bxa6 Nxa6 17.Nh3 Rac8 18.Qg5 Qe8 19.Nf4 Rf5 20.Qg3 cxd4 21.Rxd4 Nc5 22.Rhd1 Ne4
23.Rxe4 dxe4 24.Rd6 Qf7 25.Nxe6 Rf1+ 26.Kd2 Nf5 27.Qg4 Nxd6 28.exd6 Qf2+
29.Qe2 e3+ 30.Kd3 Qf5+ 31.Kd4 Qxe6 32.Qxf1  0-1

[Event "Toulouse op"]
[Site "Toulouse"]
[Date "1999.??.??"]
[Round "6"]
[White "Santo Roman, Marc"]
[Black "Van Elst, Andreas"]
[Result "1-0"]
[WhiteElo "2381"]
[BlackElo "2236"]

1.e4 e6 2.d4 d5 3.Nc3 Bb4 4.e5 Ne7 5.a3 Bxc3+ 6.bxc3 c5 7.Qg4 Qc7 8.Bd3 cxd4
9.Ne2 Qxe5 10.Bf4 h5 11.Qh4 Nf5 12.Qg5 Qf6 13.Qxf6 gxf6 14.Bxf5 exf5 15.Bxb8 Rxb8
16.cxd4 h4 17.Kd2 Be6 18.Rab1 Kd7 19.Nf4 Kd6 20.Rb3 b6 21.Rh3 Rbc8 22.Rb1 Bd7
23.Rh1 Rce8 24.g3 hxg3 25.Rxh8 Rxh8 26.fxg3 Be6 27.h4 Rg8 28.Rg1 Kc6 29.Kc3 Kd6
30.Kb4 Bd7 31.h5 Rh8 32.Re1 Bc6 33.Re2 Bd7 34.Rh2 Rh6 35.Re2 Rh8 36.Rh2 Rh6
37.Rh1 Bc6 38.Re1 Bd7 39.Rh1 Bc6 40.Rh4 Bd7 41.c3 Kc6 42.Rh2 Kd6 43.c4 dxc4
44.Kxc4 Bc6 45.d5 Bd7 46.Kd4 Bb5 47.Rb2 Bd7 48.Rb1 Be8 49.a4 Rh7 50.a5 Kc7
51.axb6+ axb6 52.Ra1 Rg7 53.Ra7+ Kd8 54.Ne6+ fxe6 55.Rxg7 e5+ 56.Ke3 Bxh5
57.Rb7 b5 58.Rxb5 Ke7 59.Rb6 Bf7  1-0

[Event "RUS-ch sf"]
[Site "Ufa"]
[Date "1999.??.??"]
[Round "11"]
[White "Chuprov, Dmitry"]
[Black "Karpeshov, Oleg"]
[Result "0-1"]
[WhiteElo "2400"]
[BlackElo "2441"]

1.e4 e6 2.d4 d5 3.Nc3 Bb4 4.e5 Ne7 5.a3 Bxc3+ 6.bxc3 c5 7.Qg4 O-O 8.Nf3 Nd7
9.Qh3 Qe8 10.Bd3 f5 11.Ng5 Qg6 12.Be2 cxd4 13.Bh5 Qh6 14.Nf7 Qxh5 15.Qxh5 Rxf7
16.cxd4 Nc6 17.c3 b5 18.Qe2 a6 19.a4 bxa4 20.O-O Nb6 21.Ba3 Bd7 22.Rfb1 Nc4
23.Bb4 Nxb4 24.cxb4 Rc8 25.Rc1 Bb5 26.Qd1 Rfc7 27.h4 h6 28.Rc3 Rb8 29.Qc2 Rc6
30.g4 fxg4 31.Rc1 Rf8 32.Qg6 Rf4 33.R1c2 Rxd4 34.Qh5 Rf4 35.Rg3 Kh7 36.Rxg4 Rxg4+
37.Qxg4 Nxe5 38.Qd1 Nc4 39.h5 Kg8 40.Qe1 e5 41.f3 Rf6 42.Qg3 Rf5 43.Qh4 Rg5+
44.Kf2 Kh7 45.Qh3 Be8 46.Qe6 Bxh5 47.Rc3 a3 48.Qxd5 a2 49.Qd1 Bf7 50.Qa4 e4
51.fxe4 Nb2 52.Qa3 Nd1+ 53.Kf1 Nxc3 54.Qxc3 Rg3 55.Qe5 Ra3 56.Qa1 Rb3  0-1

[Event "JUG-chT"]
[Site "Vrnjacka Banja"]
[Date "1999.??.??"]
[Round "1"]
[White "Danilovic, Alexander"]
[Black "Djukic, Zeljko"]
[Result "1/2-1/2"]
[WhiteElo "2364"]
[BlackElo "2388"]

1.e4 e6 2.d4 d5 3.Nc3 Bb4 4.e5 b6 5.a3 Bxc3+ 6.bxc3 Qd7 7.Qg4 f5 8.Qg3 Ba6
9.Ne2 Nc6 10.Nf4 Bxf1 11.Kxf1 O-O-O 12.h4 Na5 13.Rh3 Rf8 14.Qg5 Rf7 15.Qh5 Qe8
16.Rg3 Nh6 17.Nd3 Re7 18.Qxe8+ Rhxe8 19.Bxh6 gxh6 20.Ke2 Kb7 21.f3 Rc8 22.Rh3 c5
23.dxc5 bxc5 24.Kf2 Kc6 25.g4 fxg4 26.fxg4 Rg8 27.Rg1 Nc4 28.Ke2 Nxa3 29.Rf3 Nb5
30.Kd2 d4 31.cxd4 Nxd4 32.Rf6 c4 33.Ne1 h5 34.g5 Rd8 35.Ke3 Nf5+ 36.Kf4 Rd4+
37.Kf3 Rxh4 38.g6 hxg6 39.Rgxg6 Kd5 40.Ng2 Rd4 41.Nf4+ Kc5 42.Nxe6+ Rxe6
43.Rxe6 Nh4+ 44.Ke3 Nxg6 45.Rxg6 Rg4 46.Ra6 Rg7 47.Rh6 a5 48.e6 Kd6  1/2-1/2

[Event "JUG-chT"]
[Site "Vrnjacka Banja"]
[Date "1999.??.??"]
[Round "7"]
[White "Kovacevic, Aleksandar"]
[Black "Drasko, Milan"]
[Result "1/2-1/2"]
[WhiteElo "2478"]
[BlackElo "2509"]

1.e4 e6 2.d4 d5 3.Nc3 Bb4 4.e5 Ne7 5.a3 Bxc3+ 6.bxc3 c5 7.Qg4 O-O 8.Bd3 f5
9.exf6 Rxf6 10.Bg5 Rf7 11.Qh5 g6 12.Qd1 Nbc6 13.Nf3 Qf8 14.O-O c4 15.Be2 h6
16.Bh4 Nf5 17.Bg3 Bd7 18.Qd2 Kh7  1/2-1/2

[Event "Zagreb op"]
[Site "Zagreb"]
[Date "1999.??.??"]
[Round "2"]
[White "Petrovic, Silvije"]
[Black "Kovacevic, Blazimir"]
[Result "0-1"]
[WhiteElo "2196"]
[BlackElo "2429"]

1.e4 e6 2.d4 d5 3.Nc3 Bb4 4.e5 Qd7 5.a3 Bxc3+ 6.bxc3 b6 7.Nh3 Ba6 8.Bxa6 Nxa6
9.Qg4 f5 10.Qh5+ g6 11.Qe2 Nb8 12.c4 Nc6 13.c3 Nge7 14.O-O dxc4 15.Qxc4 Na5
16.Qe2 Qc6 17.Bg5 Nd5 18.Rac1 Nc4 19.Nf4 Nxf4 20.Bxf4 O-O-O 21.Bg5 Rd5 22.Qf3 Rf8
23.h4 Kb7 24.h5 Rg8 25.h6 Ra5 26.Qd3 Rxa3 27.Ra1 Rxa1 28.Rxa1 a5 29.Qc2 Rf8
30.g3 Rf7 31.Qb3 Rd7 32.Ra4 b5 33.Ra1 Qd5 34.Qc2 c5 35.Qb3 cxd4 36.cxd4 b4
37.Rc1 Rc7 38.Bd8 Qxd8 39.Rxc4 Rxc4 40.Qxc4 Qd5 41.Qc1 Qc6 42.Qg5 b3 43.Qe7+ Ka6
44.Qa3 Qb6 45.Qb2 Qb5 46.Kg2 a4 47.Kf3 Qb4 48.Qc1 b2 49.Qc8+ Qb7+  0-1

[Event "Hilton Open"]
[Site "Basel SUI"]
[Date "2000.01.02"]
[Round "3"]
[White "Bojic,D"]
[Black "Nueesch,G"]
[Result "0-1"]
[WhiteElo "2290"]
[BlackElo "2207"]

1.e4 e6 2.d4 d5 3.Nc3 Bb4 4.e5 Qd7 5.a3 Bxc3+ 6.bxc3 b6 7.Qg4 f5 8.Qg3 Ba6
9.Bxa6 Nxa6 10.Ne2 Qf7 11.a4 Ne7 12.h4 Rg8 13.a5 Nc6 14.Qd3 Nab8 15.a6 Na5
16.Rxa5 bxa5 17.Qb5+ Qd7 18.Qb7 Nc6 19.Qxa8+ Kf7 20.Qb7 Rb8 21.Ba3 Rxb7 22.axb7 Nb8
23.Bc5 Qb5 24.Kd2 Qxb7 25.Ra1 Nc6 26.Nf4 Qb5 27.Nd3 a4 28.Bb4 Nxb4 29.cxb4 a5
30.c3 axb4 31.cxb4 Qc4 32.Rxa4 Qxd4 33.g3 h6 34.Ra5 Qb6 35.Rc5 g5 36.hxg5 hxg5
37.Rc1 Qa7 38.Rc2 d4 39.Rc4 Kg6 40.Rc2 Kh5 41.f3 Qa8 42.g4+ fxg4 43.fxg4+ Kxg4
44.Rc1 Kh4  0-1

[Event "Hilton Open"]
[Site "Basel SUI"]
[Date "2000.01.03"]
[Round "5"]
[White "Berzinsh,R"]
[Black "Farago,I"]
[Result "1/2-1/2"]
[WhiteElo "2458"]
[BlackElo "2467"]

1.e4 e6 2.d4 d5 3.Nc3 Bb4 4.e5 Ne7 5.a3 Bxc3+ 6.bxc3 c5 7.Nf3 Bd7 8.dxc5 Nbc6
9.Bd3 Ng6 10.O-O Ngxe5 11.Nxe5 Nxe5 12.Bf4 Nxd3 13.cxd3 O-O 14.Bd6 Re8 15.Rb1 Bc6
16.Re1 f6 17.f4 Qa5 18.Qc1 b6 19.cxb6 axb6 20.Bb4 Qa6 21.d4  1/2-1/2

[Event "VII Anibal Open"]
[Site "Linares ESP"]
[Date "2000.01.13"]
[Round "7"]
[White "Sharma,D"]
[Black "Mirzoev,A"]
[Result "1/2-1/2"]
[WhiteElo "2327"]
[BlackElo "2438"]

1.e4 e6 2.d4 d5 3.Nc3 Bb4 4.e5 Ne7 5.a3 Bxc3+ 6.bxc3 b6 7.Qg4 O-O 8.Bd3 Ba6
9.Bh6 Ng6 10.Bg5 Qe8 11.h4 Bxd3 12.cxd3 h6 13.h5 Nxe5 14.dxe5 hxg5 15.Qxg5 f6
16.Qg3 Nd7 17.h6 Qe7 18.f4 fxe5 19.fxe5 Rf5 20.Nf3 Nf8 21.Ke2 Rd8 22.Nd4 Rg5
23.Nc6 Rxg3 24.Nxe7+ Kh7 25.hxg7+ Kxg7 26.Rh3 Rg5 27.Nc6 Rd7 28.Kf2 a5 29.Rah1 Rf7+
30.Rf3 Rxf3+ 31.Kxf3 Ng6 32.d4  1/2-1/2

[Event "ch-Asia"]
[Site "Udaipur IND"]
[Date "2000.01.14"]
[Round "5"]
[White "Isaev,J"]
[Black "Harikrishna,P"]
[Result "0-1"]
[WhiteElo "2425"]
[BlackElo "2354"]

1.e4 e6 2.d4 d5 3.Nc3 Bb4 4.e5 Ne7 5.a3 Bxc3+ 6.bxc3 c5 7.Qg4 O-O 8.Bd3 Nbc6
9.Qh5 Ng6 10.Nf3 Qc7 11.Be3 c4 12.Be2 f6 13.h4 Bd7 14.exf6 Rxf6 15.g3 Re8
16.Ng5 h6 17.f4 e5 18.Ne4 dxe4 19.Bxc4+ Kh7 20.dxe5 Ncxe5 21.fxe5 Nxe5 22.Bf4 Qxc4
23.Bxe5 Rf5 24.Qd1 Rexe5 25.Qxd7 Qxc3+ 26.Ke2 Qf3+  0-1

[Event "Belgian Interteams 1999-2000"]
[Site "Antwerp BEL"]
[Date "2000.01.23"]
[Round "8"]
[White "De Wit,D"]
[Black "Schumacher,H"]
[Result "1/2-1/2"]
[WhiteElo "2207"]
[BlackElo "2176"]

1.e4 e6 2.d4 d5 3.Nc3 Bb4 4.e5 Ne7 5.a3 Bxc3+ 6.bxc3 c5 7.h4 Nbc6 8.a4 Qa5
9.Bd2 Bd7 10.h5 h6 11.Nf3 O-O-O 12.Be2 f6 13.c4  1/2-1/2

[Event "V Ubeda Open"]
[Site "Ubeda ESP"]
[Date "2000.01.24"]
[Round "6"]
[White "Wohl,A"]
[Black "Karatorossian,D"]
[Result "0-1"]
[WhiteElo "2438"]
[BlackElo "2345"]

1.e4 e6 2.d4 d5 3.Nc3 Bb4 4.e5 b6 5.Bd2 Qd7 6.Bb5 c6 7.Ba4 a5 8.a3 Bf8 9.Nce2 Ba6
10.c3 Ne7 11.Nf3 h6 12.Bc2 c5 13.O-O Nbc6 14.Re1 g6 15.b4 Bg7 16.Ng3 cxd4
17.cxd4 Bc4 18.b5 Bxb5 19.Rb1 Bc4 20.Rxb6 O-O 21.Qc1 Qa7 22.Bxh6 Qxb6 23.Bxg7 Kxg7
24.Nh5+ gxh5 25.Qg5+ Ng6 26.Qf6+ Kg8 27.Bxg6 Qd8 28.Bh7+ Kxh7 29.Ng5+ Kg8
30.Qh6 Bd3 31.Re3 Qb6 32.h3 h4 33.Qxh4 Bg6 34.Qh6 Nxd4 35.Nh7 Qb1+ 36.Kh2 Bxh7  0-1

[Event "NED-chT"]
[Site "Amsterdam NED"]
[Date "2000.02.05"]
[Round "1"]
[White "Van Blitterswijk,S"]
[Black "Blees,A"]
[Result "1-0"]
[WhiteElo "2308"]
[BlackElo "2402"]

1.e4 e6 2.d4 d5 3.Nc3 Bb4 4.e5 Ne7 5.a3 Bxc3+ 6.bxc3 c5 7.Qg4 Kf8 8.h4 Nbc6
9.Rh3 Qa5 10.Kd1 Nf5 11.Qf4 h5 12.dxc5 Qxc5 13.Rb1 b6 14.Bd3 Nce7 15.Ne2 Ng6
16.Qg5 Nge7 17.f3 Qf2 18.Rh1 Bd7 19.Rb4 Rc8 20.Rf4 d4 21.cxd4 Nd5 22.Rxf5 exf5
23.c4 Ba4+ 24.Kd2 f4 25.Qf5 Ke7 26.e6 fxe6 27.Qe5 Nf6 28.Kc3 b5 29.d5 Nxd5+
30.Kb2 bxc4  1-0

[Event "Extraliga CZE"]
[Site "Ostrava CZE"]
[Date "2000.02.05"]
[Round "8"]
[White "Talla,V"]
[Black "Antoshik,A"]
[Result "1-0"]
[WhiteElo "2352"]
[BlackElo "2230"]

1.e4 e6 2.d4 d5 3.Nc3 Bb4 4.e5 Qd7 5.Qg4 f5 6.Qg3 b6 7.Nh3 Ba6 8.Bxa6 Nxa6
9.O-O O-O-O 10.Ne2 Bf8 11.a4 Kb7 12.c3 Nb8 13.a5 b5 14.b3 Ne7 15.Ba3 Rg8
16.f4 Na6 17.Nc1 Ka8 18.Nd3 h6 19.Kh1 g5 20.fxg5 hxg5 21.Nxg5 Bh6 22.Bc1 f4
23.Bxf4 Nf5 24.Qg4 Qg7 25.h4 Nxh4 26.Qxh4 Bxg5 27.Bxg5 Rh8 28.Bxd8 Rxh4+
29.Bxh4 Qh7 30.Rf3 Qxh4+ 31.Rh3 Qg4 32.b4 Qe2 33.Rg1 Kb7 34.g4 Qe4+ 35.Kh2 Qg6
36.g5 Nb8 37.Nf4 Qf5 38.Rh4 Nc6 39.g6 Ne7 40.g7 Ng8 41.Rg2 Kc6 42.Nh3 Kb7
43.Rh8 Qf7 44.Rxg8 Qxg8 45.Rg5 Kc8 46.Kg3  1-0

[Event "FSIMB January"]
[Site "Budapest HUN"]
[Date "2000.02.06"]
[Round "2"]
[White "Cooke,E"]
[Black "Karatorossian,D"]
[Result "1-0"]
[WhiteElo "2266"]
[BlackElo "2345"]

1.e4 e6 2.d4 d5 3.Nc3 Bb4 4.e5 b6 5.a3 Bxc3+ 6.bxc3 Qd7 7.a4 Ba6 8.Bxa6 Nxa6
9.Qg4 f5 10.Qg3 Nb8 11.Ne2 Nc6 12.Nf4 O-O-O 13.a5 Kb8 14.axb6 cxb6 15.Ba3 Na5
16.Bd6+ Ka8 17.O-O g6 18.Rxa5 bxa5 19.Nd3 Nf6 20.f3 Ne8 21.Nc5 Qf7 22.Rb1 f4
23.Qe1 Nxd6 24.exd6 Rxd6 25.Qe5 Rhd8 26.Re1 Rc6 27.Rb1 Rdc8 28.Re1 Qc7 29.Qe2 Rxc5
30.dxc5 Qxc5+ 31.Kh1 Rc6 32.h3 Qxc3 33.Rc1 Qb2 34.Qe1 Qc3 35.Qh4 a4 36.Qe7 a3
37.Qe8+ Rc8 38.Qxe6 Qc6 39.Qe7 a2 40.Qa3 Qc4 41.Re1 Qxc2 42.Kh2 Qc5 43.Qxa2 Rd8
44.Qe2 d4 45.Qe4+ Qd5 46.Qe7 Qd7 47.Qe4+ Qb7 48.Qd3 Qd5 49.Qa6 Qd7 50.Qd3 Re8
51.Rd1 g5 52.Qc4 Rd8 53.Rd3 Qd6 54.Qa4 h5 55.Qd1 Qe5 56.Qc1 Qd6 57.Qd1 Rd7
58.Qc2 Rd8 59.Qc1 Kb8 60.Rb3+ Qb6  1-0

[Event "FSIMB February"]
[Site "Budapest HUN"]
[Date "2000.02.09"]
[Round "5"]
[White "Antal,Ge"]
[Black "Goczo,M"]
[Result "1-0"]
[WhiteElo "2339"]
[BlackElo "2250"]

1.e4 e6 2.d4 d5 3.Nc3 Bb4 4.e5 Qd7 5.f4 b6 6.Nf3 Ba6 7.Bxa6 Nxa6 8.Qd3 Nb8
9.O-O Nc6 10.Ne2 h5 11.f5 exf5 12.Nf4 O-O-O 13.c3 Bf8 14.Re1 Kb7 15.e6 fxe6
16.Nxe6 Re8 17.Qxf5 Nf6 18.Bf4 Bd6 19.Bxd6 Qxd6 20.Nxg7 Rxe1+ 21.Rxe1 Ne4
22.Nxh5 Ne7 23.Qg4 Rg8 24.Qf4 Qg6 25.Ng3 Nxg3 26.Qxg3 Qxg3 27.hxg3 Nf5 28.Re5 Nxg3
29.Rxd5 Ne2+ 30.Kf1 Rxg2 31.Rd7 Nf4 32.Rf7 Rg4 33.Ne5 Rh4 34.Kf2 Nd5 35.Kf3 b5
36.Nd3 Kc6 37.Ke2 Rh2+ 38.Nf2 Kd6 39.Kd3 Ke6 40.Rf3 Rh4 41.Kc2 Rf4 42.Rxf4 Nxf4
43.Nd3 Nd5 44.b3 Nb6 45.Nc5+ Kd5 46.Kd3 Kd6 47.c4 bxc4+ 48.bxc4 Kc6 49.Ne4 Kd7
50.Kc3 c6 51.Kb4 Kc7 52.Nc5 Kd6 53.Nd3 Kc7 54.Ne5 Nc8 55.Nf7 Nb6 56.a3 Nd7
57.d5 cxd5 58.cxd5 Nb6 59.Kc5 Nd7+ 60.Kd4 Nb6 61.Ne5  1-0

[Event "FSIMB February"]
[Site "Budapest HUN"]
[Date "2000.02.13"]
[Round "9"]
[White "Antal,Ge"]
[Black "Karatorossian,D"]
[Result "1/2-1/2"]
[WhiteElo "2339"]
[BlackElo "2345"]

1.e4 e6 2.d4 d5 3.Nc3 Bb4 4.e5 b6 5.Qg4 Bf8 6.Bg5 Qd7 7.Nf3 Ba6 8.Bxa6 Nxa6
9.O-O Ne7 10.Bxe7 Qxe7 11.Nd2 Qd7 12.f4 g6 13.Qe2 Nb4 14.Nf3 h5 15.Kh1 Nc6
16.Nd1 Ne7 17.Ne3 Nf5 18.Nxf5 gxf5 19.Rad1 Be7 20.Qa6 c6 21.b3 Qc8 22.Qd3 Qb7
23.c4 O-O-O 24.Rc1 Kb8 25.c5 Kc7 26.Nd2 Kd7 27.b4 bxc5 28.bxc5 Rb8 29.Rb1 Qc7
30.Qc3 Rxb1 31.Rxb1 Rb8 32.Rb3 Rxb3 33.Qxb3 Bd8 34.Qb4 Qc8 35.Qa4 Qb7 36.Nb3 a6
37.Kg1 Qb5 38.Qxb5 cxb5 39.Kf2 a5 40.Ke3 Kc6 41.a3 a4 42.Na1 Ba5 43.Nc2 Bc3
44.Kd3 Bb2 45.Kd2 h4 46.g3 h3 47.Kd3 Kc7 48.Ke3 b4 49.Nxb4 Bxa3 50.Na2 Kc6
51.Kd3 Bb2 52.Ke3 Kd7 53.Kd3 Ke7 54.Ke3 f6 55.exf6+ Kxf6 56.Kd3 Ke7 57.Ke3 Kd7
58.Kd3 Kc6 59.Nc3 a3 60.Kc2 Kc7  1/2-1/2